00442 2200181 4500245005000000020002200050250001100072100001900083700002100102650001600123650001300139005001900152260003700171041001400208084000800222300002100230336000900251 aPengetahuan Tata HidangcArdjuno WiwohohText a978-979-015-712-5 aCet. 1 aArdjuno Wiwoho aMarina A. Sofyan aTata Hidang aRestoran a20230525131241 aJakartabPenerbit Erlanggac2008 aIndonesia a641 a91 hlm. :cilus. atext